Statistics for Obscure Sports

Click here to take the quiz!

General Stats

  • This quiz has been taken 30 times
  • The average score is 3 of 15

Answer Stats

HintAnswer% Correct
A magic sport that should've stayed fictionalQuidditch
77%
Popular in the highland games involving deforestationCabertossing
42%
English annual dairy based eventCheese Rolling
38%
A combination of a board game and a contact sportChess Boxing
35%
Finnish men prove their love in an extreme mannerWife Carrying
27%
What are you doing?Quiz
19%
British footwear throwing sportWelly Wanging
19%
A typical chore taken way too seriouslyExtreme Ironing
15%
Alternative to thumb wrestlingToe Wrestling
12%
A nudist new zealander's favourite sportNaked Rugby
8%
Also known as ash boardingVolcano Surfing
8%
Very popular in South KoreaeSports
4%
Extreme sport involving stun devicesUltimate Tazer Ball
0%
Also known as hydrospinningUnderwater Cycling
0%
Annual British Easter tradition, a version of medieval footballUppies and downies
0%

Score Distribution

Percentile by Number Answered

Percent of People with Each Score

Your Score History

You have not taken this quiz